LEADER 01086nas 2200385 c 450 001 9910896064403321 005 20260218110918.0 035 $a(DE-599)ZDB3197921-X 035 $a(DE-101)1343795656 035 $a(CKB)5580000000931107 035 $a(DE-599)3197921-X 035 $a(EXLCZ)995580000000931107 100 $a20241002a20209999 |y | 101 0 $aeng 135 $aur||||||||||| 181 $ctxt$2rdacontent 182 $cc$2rdamedia 183 $acr$2rdacarrier 200 10$aOfficial gazette$fRepublic of Seychelles : published by authority of the government 210 31$aVictoria, Mahe?$cSeychelles Gazette Office, Department of Legal Affairs$d[2020?]- 215 $aOnline-Ressource 300 $aGesehen am 02.10.2024 608 $aZeitschrift$2gnd-content 608 $aAmtliche Publikation$2gnd-content 676 $a910 676 $a940 676 $a340 676 $a320 801 0$b0355 801 1$bDE-101 801 2$b9001 906 $aJOURNAL 912 $a9910896064403321 996 $aOfficial gazette$91999138 997 $aUNINA